[Event "ZAM-ch op"]
[Site "Lusaka"]
[Date "2017.04.02"]
[Round "9"]
[White "Kaoma, Micheal"]
[Black "Mosenya, Ndawana"]
[Result "1-0"]
[WhiteElo "2173"]
[BlackElo "2041"]
[PlyCount "67"]
[EventDate "2017.03.29"]
[EventType "swiss"]
[EventRounds "9"]
[EventCountry "ZAM"]
[SourceTitle "EXT 2018"]
[Source "ChessBase"]
[SourceDate "2017.10.13"]
[SourceVersion "1"]
[SourceVersionDate "2017.10.13"]
[SourceQuality "1"]

1. e4 c5 2. Nf3 Nc6 3. d4 cxd4 4. Nxd4 Nf6 5. Nc3 e5 6. Ndb5 d6 7. Bg5 a6 8. Bxf6 gxf6 9. Na3 b5 10. Nd5 f5 11. exf5 Bxf5 12. Qf3 Nd4 13. Nc7+ Qxc7 14. Qxa8+ Ke7 15. Bd3 Bxd3 16. cxd3 b4 17. Nc4 Nc2+ 18. Ke2 Nxa1 19. Rxa1 Rg8 20. g3 Rg6 21. Ne3 Qc5 22. Qxa6 Bh6 23. Qc4 Bxe3 24. fxe3 Rh6 25. h4 Rg6 26. Qxc5 dxc5 27. Kf3 Ra6 28. b3 Ke6 29. Ke4 Ra7 30. g4 h6 31. d4 cxd4 32. exd4 Re7 33. Kd3 exd4 34. Kxd4 1-0

[Event "ZAM-ch op"]
[Site "Lusaka"]
[Date "2017.03.30"]
[Round "3"]
[White "Kaoma, Micheal"]
[Black "Katowa, Kennedy"]
[Result "1-0"]
[WhiteElo "2173"]
[BlackElo "2146"]
[PlyCount "116"]
[EventDate "2017.03.29"]
[EventType "swiss"]
[EventRounds "9"]
[EventCountry "ZAM"]
[SourceTitle "EXT 2018"]
[Source "ChessBase"]
[SourceDate "2017.10.13"]
[SourceVersion "1"]
[SourceVersionDate "2017.10.13"]
[SourceQuality "1"]

1. e4 e5 2. Nf3 Nc6 3. d4 exd4 4. Nxd4 Bc5 5. Be3 Qf6 6. c3 Nge7 7. Nc2 Bxe3 8. Nxe3 d6 9. Be2 0-0 10. Nd2 Ne5 11. 0-0 N5g6 12. g3 Bh3 13. Re1 Rfd8 14. Qb3 b6 15. f4 Be6 16. Qc2 Bc8 17. Bf3 Rb8 18. Rad1 Rf8 19. b3 a5 20. Kg2 Re8 21. Ndc4 Kf8 22. h4 Ng8 23. e5 dxe5 24. Nd5 Qf5 25. Qxf5 Bxf5 26. Nxc7 e4 27. Be2 Red8 28. Na6 Rbc8 29. Nd6 Rxd6 30. Rxd6 Nf6 31. h5 Ne7 32. g4 Bxg4 33. Bxg4 Nxg4 34. Rxe4 Nf5 35. Rxb6 Nf6 36. Re1 Nxh5 37. Rb8 Rxb8 38. Nxb8 Nxf4+ 39. Kf3 g5 40. Kg4 Ng7 41. Nd7+ Kg8 42. Kxg5 Nfe6+ 43. Kf6 Nh5+ 44. Ke7 Nhf4 45. Rg1+ Ng6+ 46. Kf6 Nef4 47. c4 Nh5+ 48. Kf5 Ng7+ 49. Ke4 f5+ 50. Kd5 Nf4+ 51. Kd6 Kf7 52. c5 Ne2 53. Re1 Nc3 54. Re7+ Kg6 55. Ne5+ Kh6 56. c6 f4 57. Rf7 Ne4+ 58. Ke7 Nc3 1-0

[Event "Ndola Copperbelt Elite"]
[Site "Ndola"]
[Date "2016.12.26"]
[Round "7"]
[White "Kaoma, Micheal"]
[Black "Mulenga, Prince Daniel"]
[Result "1-0"]
[WhiteElo "2120"]
[BlackElo "2181"]
[PlyCount "57"]
[EventDate "2016.12.24"]
[EventType "tourn"]
[EventRounds "9"]
[EventCountry "ZAM"]
[SourceTitle "EXT 2018"]
[Source "ChessBase"]
[SourceDate "2017.10.13"]
[SourceVersion "1"]
[SourceVersionDate "2017.10.13"]
[SourceQuality "1"]

1. e4 c5 2. Nf3 Nc6 3. d4 cxd4 4. Nxd4 g6 5. c4 Nf6 6. Nc3 Nxd4 7. Qxd4 d6 8. Be2 Bg7 9. Be3 0-0 10. Qd2 Be6 11. Rc1 Qa5 12. 0-0 Rfc8 13. b3 a6 14. Bf3 Nd7 15. e5 Rab8 16. exd6 exd6 17. Ba7 Ne5 18. Bxb8 Nxf3+ 19. gxf3 Rxb8 20. Ne4 Qh5 21. Qxd6 Rc8 22. Qf4 Kh8 23. Ng3 Qh3 24. Rce1 h5 25. Re4 Kh7 26. Rfe1 b5 27. Qg5 Bh6 28. Qe7 Bf8 29. Qb7 1-0

[Event "Ndola Copperbelt Elite"]
[Site "Ndola"]
[Date "2016.12.25"]
[Round "6"]
[White "Nyimbili, Dalington"]
[Black "Kaoma, Micheal"]
[Result "0-1"]
[WhiteElo "2047"]
[BlackElo "2120"]
[PlyCount "49"]
[EventDate "2016.12.24"]
[EventType "tourn"]
[EventRounds "9"]
[EventCountry "ZAM"]
[SourceTitle "EXT 2018"]
[Source "ChessBase"]
[SourceDate "2017.10.13"]
[SourceVersion "1"]
[SourceVersionDate "2017.10.13"]
[SourceQuality "1"]

1. e4 e6 2. c4 d5 3. cxd5 exd5 4. exd5 Nf6 5. Nc3 Nxd5 6. d4 c6 7. Bd3 g6 8. Nf3 Bg7 9. 0-0 0-0 10. h3 Nb6 11. Bg5 Qc7 12. Re1 Be6 13. Rc1 Re8 14. Qd2 Qd7 15. Ne4 Nd5 16. Nc5 Qc8 17. Nxe6 Rxe6 18. Rxe6 Qxe6 19. Re1 Qc8 20. Bh6 Ne7 21. Bc4 Na6 22. Bb3 Qf8 23. Bxg7 Kxg7 24. Ne5 Rc8 25. Ng4 0-1